Statystyki dla Dynastie z roszczeniami do europejskich tronów

Kliknij tutaj aby rozwiązać quiz!

Ogólne statystyki

  • Ten quiz został rozwiązany 46 razy
  • Średni wynik to 4 z 14

Statystyki odpowiedzi

Państwo / KrajOdpowiedź% Poprawnych
Niemcy/PrusyHohenzollern
86%
RosjaRomanow
86%
FrancjaBourbon / Bourbon-Orleańscy / Bonaparte
48%
BawariaWittelsbach
48%
SaksoniaWettin
40%
Włochydi Savoy / Sabaudcy / dom Sabaudzki
17%
CzarnogóraKaradźordźewić / Petrovicz-Njegosz / Petrović-Njegoš
10%
GrecjaGlücksburg / Glucksburg
7%
SerbiaKaradźordźewić
7%
WitembergiaWirtemberg
7%
Austria/Węgry/CzechyHabsburg-Lotaryńscy
5%
RumuniaHohenzollern-Sigmaringen,
5%
BułgariaSakskoburggoci / Sachsen-Coburg und Gotha
2%
AlbaniaZogu
2%

Rozkład punktacji

Percentyl według liczby udzielonych odpowiedzi

Procent ludzi z każdym wynikiem

Twoja historia wyników

Nie rozwiązałeś tego quizu